Central Library OPAC University of Rajshahi

অর্থনৈতিক ভূগোল = [Economices Resources & utilisation] / (Record no. 44444)

MARC details
000 -LEADER
fixed length control field 01084nam a2200253 a 4500
001 - CONTROL NUMBER
control field 44444
003 - CONTROL NUMBER IDENTIFIER
rucl marc code BD-RjUL
005 - DATE AND TIME OF LATEST TRANSACTION
control field 20211209053847.0
008 - FIXED-LENGTH DATA ELEMENTS--GENERAL INFORMATION
fixed length control field 160717s1977 ii ||||| |||| 00| 0 ben d
020 ## - INTERNATIONAL STANDARD BOOK NUMBER
Terms of availability : Tk.25.00
035 ## - SYSTEM CONTROL NUMBER
System control number (BD-RjUL)44562
040 ## - CATALOGING SOURCE
Original cataloging agency BD-RjUL
Language of cataloging ben
Transcribing agency BD-RjUL
Modifying agency BD-RjUL
041 ## - LANGUAGE CODE
Language code of text/sound track or separate title ben
082 ## - DEWEY DECIMAL CLASSIFICATION NUMBER
Edition number 23
Classification number 330.9
Author mark and year CHO 1977
100 ## - MAIN ENTRY--PERSONAL NAME
Personal name চক্রবর্তী, শ্রীলোকেশ
9 (RLIN) 136408
245 10 - TITLE STATEMENT
Title অর্থনৈতিক ভূগোল = [Economices Resources & utilisation] /
Statement of responsibility, etc. শ্রীলোকেশ চক্রবর্তী
250 ## - EDITION STATEMENT
Edition statement পরিমার্জিত সং.
260 ## - PUBLICATION, DISTRIBUTION, ETC. (IMPRINT)
Place of publication, distribution, etc. কলিকাতা :
Name of publisher, distributor, etc. এস্‌ ব্যানার্জি এণ্ড কোঃ,
Date of publication, distribution, etc. ১৯৭৭
300 ## - PHYSICAL DESCRIPTION
Pagination ১ম ও ২য় খন্ড :
Illustrations চিত্র ;
Size ২১ সেমি.
505 ## - FORMATTED CONTENTS NOTE
Formatted contents note ১ম ও ২য় খন্ড
650 ## - SUBJECT ADDED ENTRY--TOPICAL TERM
Topical term or geographic name as entry element অর্থনৈতিক পরিস্থিতি ও পরিবেশ
9 (RLIN) 136409
Topical term or geographic name as entry element Economic Situation and Conditions
9 (RLIN) 119667
942 ## - ADDED ENTRY ELEMENTS (KOHA)
Source of classification or shelving scheme Dewey Decimal Classification
Koha item type Books
Holdings
Lost status Source of classification or shelving scheme Damaged status Not for loan Collection code Permanent Location Current Location Shelving location Date acquired Source of acquisition Cost, normal purchase price Total Checkouts Full call number Date last seen Copy number Koha item type
  Dewey Decimal Classification     Non-fiction Central Library, University of Rajshahi Central Library, University of Rajshahi   27/07/1982 Alighor library, Rajshahi. 75.00   B 330.9 CHO 1977 17/07/2016 C-2 Books
  Dewey Decimal Classification     Non-fiction Central Library, University of Rajshahi Central Library, University of Rajshahi   27/07/1962 Aligarh library, Rajshahi 75.00   B 330.9 CHO 1977 V-1,2 23/12/2020 C-3 Books
  Dewey Decimal Classification   Not For Loan Non-fiction Central Library, University of Rajshahi Central Library, University of Rajshahi Reading Room 27/07/1982 Alighar Library 75.00   B 330.9 CHO V-1,2 1977 18/10/2021 C-1 Books